000 01286cab a22002295a 4500
001 L155260
008 120313e2012 xxk 000 0 eng d
035 _a(Sirsi) u155260
041 0 _aeng
100 1 _aBarrett, Claer
245 0 0 _aDefending London's honor
260 _c2012
490 0 _aProperty Week International
_v78(09) 2 March 2012, 94-95
520 _aLondon's reputation as the world's top city is under threat warns the Honor Chapman Memorial Project, a ground-breaking research study, two years in the making, whose preliminary findings will be published in April and final report just before the Olympics. It aims to chart London's rise over the last 20 years and the challenges to London property, politics and business over the next 20 years. London's place as a city of opportunity is slipping according to a recent PwC report "Cities of opportunities", down in the league tables for transport, infrastructure, housing and social inclusion
590 _aKA
651 4 _aLondon
690 _aCommercial property
_96227
690 _aResidential property
_96266
690 _aBusiness and management
856 4 0 _uhttps://www.pwc.com/us/en/cities-of-opportunity/2011/pdfdownload.jhtml
_z View the Cities of opportunity report at www.pwc.com
942 _n0
999 _c83842
_d83842